000 00371nam a2200145Ia 4500
008 200103s9999||||xx |||||||||||||| ||und||
040 _aIMU-MPC
082 _aColumn-26
100 _aShortley, George and Williams, Dusley
245 0 _aElements of Physics
250 _a3rd Ed.
260 _bPrentice-Hall of India, New Delhi
_c1962
300 _axvi, 928
942 _cBK
999 _c7021
_d7021